Welcome to the Holygrace Academy Library

Please use search bar below to get started

PURANATHILE SAPAKATHAKAL (Record no. 1592)

MARC details
000 -LEADER
fixed length control field 00293nam a22001337a 4500
082 ## - DEWEY DECIMAL CLASSIFICATION NUMBER
Classification number 894.812.3
Item number GEE/D
100 ## - MAIN ENTRY--AUTHOR NAME
Personal name GEETHAKRISHNAN, GEETHALAYAM
245 ## - TITLE STATEMENT
Title PURANATHILE SAPAKATHAKAL
250 ## - EDITION STATEMENT
Edition statement FIRST
260 ## - PUBLICATION, DISTRIBUTION, ETC. (IMPRINT)
Name of publisher DC BOOKS
Year of publication 1986
300 ## - PHYSICAL DESCRIPTION
Number of Pages 112
650 ## - SUBJECT ADDED ENTRY--TOPICAL TERM
Topical Term STORY
Geographic subdivision KERALA
942 ## - ADDED ENTRY ELEMENTS (KOHA)
Koha item type Books
Holdings
Withdrawn status Lost status Collection code Home library Current library Shelving location Date acquired Source of acquisition Cost, normal purchase price Full call number Accession Number Koha item type
    Fiction Main Library Main Library SHELF-6C MALAYALAM SHORT STORIES 19/09/2015 PURCHASE 95.00 894.812.3 GEE/D 01927 Books